| 000 | 00682nam a22002057a 4500 | ||
|---|---|---|---|
| 003 | NUST-PNEC | ||
| 005 | 20170114142521.0 | ||
| 008 | 140506b xxu||||| |||| 00| 0 eng d | ||
| 020 | _a0070695725 | ||
| 040 | _cPNEC | ||
| 082 | _a658.3 WER | ||
| 100 |
_983 _aWerther, William B. |
||
| 245 |
_aHuman resource and personnel management _cWilliam B. Werther |
||
| 250 | _a5th ed, | ||
| 260 |
_bMcGraw-Hill _cc.1995 |
||
| 300 |
_axxxiv, 637 p. : _bill. : _c24 cm |
||
| 500 | _aIncludes index. http://www.amazon.com/Resources-Personnel-Management-William-Werther/dp/0070695725/ref=sr_1_1?s=books&ie=UTF8&qid=1399359185&sr=1-1&keywords=0070695725 | ||
| 650 | _xMIS | ||
| 942 |
_2ddc _cBK |
||
| 999 |
_c60068 _d60068 |
||